000
00235nam a2200097Ia 4500
005
20251222154431.0
008
251222s9999||||xx |||||||||||||| ||spa||
082
_a
343.042/M61
245
0
_a
Reglamento nacional de tasaciones
942
_c
LIB
999
_c
36436
_d
36436